00597nam a2200217 i 4500001001100000003000500011005001700016008004100033040002500074082001600099090002100115245001500136264008700151300001000238336002100248337002500269338002300294500003300317942001000350999001900360C2-0227045PPAK20180728154619.0000711s xx |||| ||||| | may d aPPAKbengcPPAKerda04a070.01622300a070.016bCOMdKK00aComputimes 1aAlor Setar, Kedah : bPerbadanan Perpustakaan Awam Kedah , cJune-September (1999) c36 cm 2rdacontentatext 2rdamediaaunmediated 2rdacarrieravolume aKeratan Akhbar Koleksi Kedah ddccB c147228d147228